ROZPRACOVÁNÍ MĚSÍČNÍHO PLÁNU NA LISTOPAD

Podrobná bibliografia
Hlavný autor: Šťastná, J. (Autor)
Médium: Článok
Jazyk:čeština

MARC

LEADER 00000nab a2200000uu 4500
001 vtls011141980
003 SK-MaSNL
005 20260303111231.0
008 230121| xo |||||||||||||||||cze|
015 |a SNBRB 
035 |a (urnnbn)urn:nbn:sk:snk:ar-008czc 
035 |a (uuid)16b447a2-1f82-4190-884b-0473c4bf9004 
035 |a urn:nbn:sk:snk-abatkd 
040 |a SNKBUCL  |b slo  |c SNKBUCL  |e AACR2 
041 0 |a cze 
044 |a xo  |c SK 
100 1 |a Šťastná, J.  |4 aut  |9 386423 
245 1 0 |a ROZPRACOVÁNÍ MĚSÍČNÍHO PLÁNU NA LISTOPAD  |c J. Šťastná 
773 0 |t Předškolní výchova  |g Roč. 6, č. 3 (1951-1952), s. 105-106 
954 |a odborná, vedecká literatúra cudzojazyčná (svetová)  |2 lita 
958 |a OND 
958 |a EUIPO 
958 |a article14 
999 |c 1875620  |d 1877550